000 00628nam a2200253Ia 4500
003 OSt
005 20221005133009.0
006 a|||||r|||| 00| 0
007 ta
008 221004b |||||||| |||| 00| 0 tam d
024 _a48831
037 _cTextual
040 _aCRL
_cCRL
_btam
041 _2tam
_atam
082 _aO31,1MJE,1, J0
100 _aJegaveerapandyan Au.
245 0 _aVeera Pandyam
260 _c1950
300 _a280p.
_ccm.
650 _a TAMIL POETRY
650 _aTAMIL LITERATURE
942 _hO31,1MJE,1, J0
_cTEXL
_2cc
999 _c1065420
_d1065420